[Event "VIE-ch"]
[Site "Hanoi"]
[Date "2024.03.13"]
[Round "5"]
[White "Nguyen, Van Huy"]
[Black "Nguyen, Huynh Tuan Hai"]
[Result "1-0"]
[WhiteElo "2356"]
[BlackElo "2106"]
[PlyCount "67"]
[EventDate "2024.03.11"]
[EventType "swiss"]
[EventRounds "9"]
[EventCountry "VIE"]
[SourceTitle "CB13_2024"]
[SourceDate "2024.03.27"]
[SourceVersion "1"]
[SourceVersionDate "2024.03.27"]
[SourceQuality "1"]

1. d4 d5 2. Nf3 e6 3. c4 a6 4. Bg5 Be7 5. Bxe7 Qxe7 6. e3 Nf6 7. Nbd2 dxc4 8. Bxc4 c5 9. dxc5 Qxc5 10. Rc1 Qe7 11. 0-0 0-0 12. Be2 Nc6 13. Nc4 Rb8 14. Nce5 Nxe5 15. Nxe5 Nd5 16. Qb3 Bd7 17. Nxd7 Qxd7 18. Rfd1 Qe7 19. Bf3 Nc7 20. Qb6 Na8 21. Qc5 Qf6 22. Qd4 Qe7 23. h3 h6 24. a3 Rfe8 25. Qa7 Nc7 26. Qc5 Na8 27. Rd6 Kf8 28. b4 b6 29. Qc6 Red8 30. Rcd1 Rxd6 31. Rxd6 Qc7 32. Rd7 Qxc6 33. Bxc6 h5 34. Ra7 1-0

[Event "VIE-ch"]
[Site "Ha Tien"]
[Date "2023.09.14"]
[Round "3"]
[White "Ngo, Duc Tri"]
[Black "Nguyen, Huynh Tuan Hai"]
[Result "1/2-1/2"]
[WhiteElo "2319"]
[BlackElo "2109"]
[PlyCount "55"]
[EventDate "2023.09.13"]
[EventType "swiss"]
[EventRounds "9"]
[EventCountry "VIE"]
[SourceTitle "EXT 2024"]
[Source "ChessBase"]
[SourceDate "2023.10.10"]
[SourceVersion "1"]
[SourceVersionDate "2023.10.10"]
[SourceQuality "1"]

1. d4 d5 2. Nf3 Nf6 3. c4 c6 4. Qc2 dxc4 5. Qxc4 Bg4 6. Ne5 Be6 7. Qd3 Nbd7 8. Nf3 Bg4 9. Nc3 Bxf3 10. Qxf3 Qb6 11. e3 g6 12. Bc4 Bg7 13. 0-0 0-0 14. Rd1 e5 15. Bb3 Rad8 16. Bd2 Qc7 17. Rac1 Qb8 18. a4 Rfe8 19. a5 e4 20. Qg3 Qxg3 21. hxg3 Nb8 22. f3 exf3 23. gxf3 Bf8 24. Ne2 Na6 25. e4 Bb4 26. Bg5 Be7 27. Bc4 Nb8 28. Be3 1/2-1/2

[Event "VIE-ch"]
[Site "Vung Tau"]
[Date "2023.03.04"]
[Round "3"]
[White "Nguyen, Huynh Tuan Hai"]
[Black "Tran, Manh Tien"]
[Result "0-1"]
[WhiteElo "2066"]
[BlackElo "2241"]
[PlyCount "74"]
[EventDate "2023.03.03"]
[EventType "swiss"]
[EventRounds "9"]
[EventCountry "VIE"]
[SourceTitle "EXT 2024"]
[Source "ChessBase"]
[SourceDate "2023.10.10"]
[SourceVersion "1"]
[SourceVersionDate "2023.10.10"]
[SourceQuality "1"]

1. d4 d5 2. Nf3 Bf5 3. c4 c6 4. e3 Nf6 5. Nc3 e6 6. Nh4 Be4 7. f3 Bg6 8. Bd2 Nbd7 9. Qb3 Qb6 10. Nxg6 hxg6 11. g3 g5 12. Kf2 Be7 13. Bd3 Rd8 14. c5 Qc7 15. Qc2 e5 16. b4 g6 17. a4 Kf8 18. Rag1 Kg8 19. h3 Bf8 20. f4 e4 21. Be2 gxf4 22. gxf4 Bg7 23. Nd1 Kf8 24. Kf1 Ke7 25. Nf2 Rh7 26. b5 Nf8 27. a5 Ne6 28. Qa2 Nh5 29. b6 axb6 30. axb6 Qd7 31. Qa4 Nhxf4 32. exf4 Bxd4 33. Rg3 Bxc5 34. Ng4 Nxf4 35. Bxf4 Qf5 36. Rf3 exf3 37. Bd3 Qxd3+ 0-1

[Event "Hanoi op"]
[Site "Hanoi"]
[Date "2022.08.25"]
[Round "5"]
[White "Nguyen, Huynh Tuan Hai"]
[Black "Pham, Huy Duc"]
[Result "1-0"]
[WhiteElo "2066"]
[BlackElo "1356"]
[PlyCount "77"]
[EventDate "2022.08.20"]
[EventType "swiss"]
[EventRounds "9"]
[EventCountry "VIE"]
[SourceTitle "CBM 209 Extra"]
[Source "ChessBase"]
[SourceDate "2022.09.30"]
[SourceVersion "1"]
[SourceVersionDate "2022.09.30"]
[SourceQuality "1"]

1. d4 Nf6 2. c4 e6 3. g3 d5 4. Nf3 a6 5. Bg2 Be7 6. 0-0 0-0 7. Qc2 Nbd7 8. Nbd2 c5 9. cxd5 Nxd5 10. Rd1 b5 11. Ne4 c4 12. Neg5 N7f6 13. Ne5 h6 14. Nh3 Bb7 15. a3 Qc7 16. e4 Nb6 17. Qe2 Bd6 18. f4 Rad8 19. g4 Bxe5 20. fxe5 Nh7 21. g5 Nxg5 22. Bxg5 hxg5 23. Nxg5 g6 24. Rac1 Qe7 25. Qg4 Kg7 26. Rc3 Nd7 27. Rh3 Rh8 28. Rf1 Rdf8 29. Rxh8 Rxh8 30. Rxf7+ Qxf7 31. Nxf7 Kxf7 32. d5 Nc5 33. Qf4+ Ke8 34. Qf2 Nd7 35. Qa7 Bc8 36. Qc7 Kf7 37. dxe6+ Kxe6 38. Qd6+ Kf7 39. e6+ 1-0

[Event "VIE-chT"]
[Site "Hanoi"]
[Date "2022.03.30"]
[Round "5.13"]
[White "Nguyen, Hoang Dang Huy"]
[Black "Nguyen, Huynh Tuan Hai"]
[Result "1/2-1/2"]
[WhiteElo "1716"]
[BlackElo "2019"]
[PlyCount "71"]
[EventDate "2022.03.28"]
[EventType "swiss"]
[EventRounds "9"]
[EventCountry "VIE"]
[SourceTitle "EXT 2023"]
[Source "ChessBase"]
[SourceDate "2022.10.05"]
[SourceVersion "1"]
[SourceVersionDate "2022.10.05"]
[SourceQuality "1"]

1. e4 c5 2. Nc3 a6 3. g3 b5 4. Bg2 Bb7 5. d3 Nf6 6. Be3 e6 7. h3 d5 8. exd5 Nxd5 9. Nxd5 Bxd5 10. Nf3 Nd7 11. 0-0 Be7 12. Nd2 Bxg2 13. Kxg2 0-0 14. f4 Qc7 15. Qf3 g6 16. Ne4 Rfd8 17. g4 f5 18. Nf2 Bf6 19. Rab1 Nb6 20. Rfe1 Rac8 21. Bd2 Qc6 22. Ba5 Rd6 23. Bxb6 Qxf3+ 24. Kxf3 Rxb6 25. g5 Bg7 26. Re2 Kf7 27. Nd1 Rd6 28. Ne3 Bd4 29. b3 Rh8 30. a4 Rb8 31. axb5 axb5 32. Nf1 Ra8 33. Kg3 Ra2 34. Rbe1 Rda6 35. Nh2 Bc3 36. Rd1 1/2-1/2

[Event "VIE-ch"]
[Site "Tinh Bac Giang"]
[Date "2022.02.28"]
[Round "3"]
[White "Nguyen, Huynh Tuan Hai"]
[Black "Bao, Khoa"]
[Result "1/2-1/2"]
[WhiteElo "2019"]
[BlackElo "2268"]
[PlyCount "55"]
[EventDate "2022.02.28"]
[EventType "swiss"]
[EventRounds "9"]
[EventCountry "VIE"]
[SourceTitle "CBM 207 Extra"]
[Source "ChessBase"]
[SourceDate "2022.05.31"]
[SourceVersion "1"]
[SourceVersionDate "2022.05.31"]
[SourceQuality "1"]

1. d4 Nf6 2. c4 e6 3. Nf3 d5 4. Nc3 a6 5. cxd5 exd5 6. Bg5 Be7 7. e3 0-0 8. Bd3 Re8 9. Qc2 h6 10. Bh4 c6 11. 0-0 Ne4 12. Bxe4 Bxh4 13. Bh7+ Kh8 14. Bf5 Bxf5 15. Qxf5 Bf6 16. Rfc1 Nd7 17. Ne2 Nb6 18. Nf4 g6 19. Qc2 Qe7 20. Nd3 Nc4 21. a4 Kg7 22. b3 Nd6 23. Rab1 h5 24. Re1 Qe4 25. Rbc1 Bd8 26. Nc5 Qxc2 27. Rxc2 f6 28. h4 1/2-1/2

[Event "Hanoi op 12"]
[Site "Hanoi"]
[Date "2022.??.??"]
[Round "7"]
[White "Dang, Anh Minh"]
[Black "Nguyen, Huynh Tuan Hai"]
[Result "0-1"]
[WhiteElo "2144"]
[BlackElo "1969"]
[PlyCount "142"]
[EventDate "2022.12.11"]
[EventType "swiss"]
[EventRounds "9"]
[EventCountry "VIE"]
[SourceTitle "CBM 211 Extra"]
[Source "ChessBase"]
[SourceDate "2023.01.31"]
[SourceVersion "1"]
[SourceVersionDate "2023.01.31"]
[SourceQuality "1"]

1. d4 Nf6 2. c4 g6 3. Nc3 c5 4. d5 d6 5. e4 Bg7 6. Bd3 0-0 7. Nf3 e6 8. 0-0 exd5 9. exd5 Bg4 10. Be2 Bxf3 11. Bxf3 Nbd7 12. Bf4 Ne8 13. Qd2 Be5 14. Bg5 Bf6 15. Be3 a6 16. Be2 Bg7 17. Bg5 Bf6 18. Be3 Bg7 19. Rab1 f5 20. g3 Rf7 21. b4 b6 22. Na4 Nef6 23. bxc5 bxc5 24. Rb7 Ne4 25. Qc2 Bd4 26. Bxd4 cxd4 27. Rd1 Qf6 28. Rxd7 Rxd7 29. Nb6 Raa7 30. Nxd7 Rxd7 31. Bf3 Nc5 32. Qb2 Rb7 33. Qa1 Rb4 34. Rxd4 Rxc4 35. Rd1 Qxa1 36. Rxa1 Kf7 37. h4 Kf6 38. h5 a5 39. Re1 Rc3 40. Kg2 Rc2 41. a4 Kf7 42. h6 Nd3 43. Re2 Rxe2 44. Bxe2 Nc5 45. Bd1 Ne4 46. f4 Nf6 47. Bf3 Ke7 48. Kf2 Kd7 49. Ke3 Kc7 50. Kd4 Ng8 51. Kc4 Kb6 52. Kd4 Nxh6 53. Kc4 Ng8 54. Kd4 Nf6 55. Kc4 Nd7 56. Bd1 Nc5 57. Bc2 Nd7 58. Bd1 Nf6 59. Bf3 h6 60. Kd4 Ka6 61. Be2+ Kb6 62. Bf3 Ne8 63. Be2 Nf6 64. Bf3 h5 65. Bg2 Nd7 66. Bf1 Nc5 67. Bb5 Ne4 68. Be8 Nxg3 69. Bxg6 h4 70. Ke3 Kc5 71. Bf7 h3 0-1

[Event "Hanoi op 12"]
[Site "Hanoi"]
[Date "2022.??.??"]
[Round "1"]
[White "Tran, Duc Tu"]
[Black "Nguyen, Huynh Tuan Hai"]
[Result "0-1"]
[WhiteElo "2052"]
[BlackElo "1969"]
[PlyCount "66"]
[EventDate "2022.12.11"]
[EventType "swiss"]
[EventRounds "9"]
[EventCountry "VIE"]
[SourceTitle "CBM 211 Extra"]
[Source "ChessBase"]
[SourceDate "2023.01.31"]
[SourceVersion "1"]
[SourceVersionDate "2023.01.31"]
[SourceQuality "1"]

1. e4 c5 2. Nf3 Nc6 3. d4 cxd4 4. Nxd4 g6 5. c4 Bg7 6. Be3 Qb6 7. Nb5 Qa5+ 8. N1c3 Nf6 9. f3 0-0 10. Qd2 a6 11. Nd4 Nxd4 12. Bxd4 d6 13. 0-0-0 Be6 14. Kb1 Rfc8 15. Nd5 Qxd2 16. Rxd2 Nxd5 17. cxd5 Bxd4 18. Rxd4 Bd7 19. Bc4 Rc7 20. Bb3 Rac8 21. h4 h6 22. g4 Kg7 23. Rd2 Kf6 24. Rg1 g5 25. Rh2 Bb5 26. a3 Bd3+ 27. Ka2 Rc1 28. hxg5+ hxg5 29. Bd1 Bb1+ 30. Kb3 Bc2+ 31. Bxc2 Rxg1 32. Rh6+ Ke5 33. Rh7 Rf8 0-1

[Event "VIE-ch"]
[Site "Hanoi"]
[Date "2020.10.07"]
[Round "4"]
[White "Nguyen, Huynh Tuan Hai"]
[Black "Nguyen, Cong Tai"]
[Result "1-0"]
[WhiteElo "2053"]
[BlackElo "1879"]
[PlyCount "101"]
[EventDate "2020.10.05"]
[EventType "swiss"]
[EventRounds "9"]
[EventCountry "VIE"]
[SourceTitle "EXT 2022"]
[Source "ChessBase"]
[SourceDate "2021.10.06"]
[SourceVersion "1"]
[SourceVersionDate "2021.10.06"]
[SourceQuality "1"]

1. d4 Nf6 2. c4 g6 3. Nc3 Bg7 4. e4 d6 5. Nge2 0-0 6. f3 Nc6 7. Bg5 e5 8. d5 Ne7 9. Qd2 Ne8 10. g4 f5 11. gxf5 gxf5 12. Ng3 Nf6 13. Bd3 f4 14. Nf1 h6 15. Bh4 Bh3 16. 0-0-0 Ng6 17. Be1 Nh5 18. Rg1 Kh7 19. Bf2 b6 20. Qe1 Bf6 21. Nd2 Qd7 22. Bf1 Rf7 23. Bxh3 Qxh3 24. Qf1 Qd7 25. Qg2 Rg8 26. Qg4 Qxg4 27. Rxg4 a6 28. Rdg1 Be7 29. Kc2 Nf6 30. R4g2 Nd7 31. a3 Rfg7 32. Na2 Nb8 33. Nb4 Bf6 34. Nd3 Nd7 35. Nb4 Nb8 36. Nd3 Nd7 37. b4 Be7 38. Nb3 Rb8 39. a4 Rgg8 40. a5 h5 41. Kd2 Bh4 42. Bxh4 Nxh4 43. Rxg8 Rxg8 44. Rxg8 Kxg8 45. Ke2 Nb8 46. axb6 cxb6 47. c5 bxc5 48. bxc5 dxc5 49. Nxe5 Kg7 50. Nxc5 Kf6 51. Nc6 1-0

[Event "VIE-ch"]
[Site "Hanoi"]
[Date "2020.10.05"]
[Round "1"]
[White "Cao, Sang"]
[Black "Nguyen, Huynh Tuan Hai"]
[Result "1-0"]
[WhiteElo "2411"]
[BlackElo "2053"]
[PlyCount "75"]
[EventDate "2020.10.05"]
[EventType "swiss"]
[EventRounds "9"]
[EventCountry "VIE"]
[SourceTitle "EXT 2022"]
[Source "ChessBase"]
[SourceDate "2021.10.06"]
[SourceVersion "1"]
[SourceVersionDate "2021.10.06"]
[SourceQuality "1"]

1. e4 e5 2. Nf3 Nf6 3. d4 Nxe4 4. Bd3 d5 5. Nxe5 Nd7 6. Nxd7 Bxd7 7. 0-0 Be7 8. c4 Nf6 9. Nc3 dxc4 10. Bxc4 0-0 11. Re1 c6 12. Bf4 Bg4 13. Qd2 Qd7 14. h3 Bf5 15. a3 Rad8 16. Rad1 Rfe8 17. Bb3 h6 18. Be5 Nd5 19. Nxd5 cxd5 20. Qa5 a6 21. Rc1 Bd6 22. Bxd6 Rxe1+ 23. Rxe1 Qxd6 24. Bxd5 b5 25. Bf3 Qf6 26. d5 Rd6 27. Qb4 Bd7 28. Qc5 g6 29. b4 Kg7 30. Re3 h5 31. Kh2 Qf4+ 32. g3 Qf6 33. Kg2 Kh7 34. Qc7 Kg7 35. g4 hxg4 36. hxg4 Qf4 37. Re4 Qf6 38. Qc5 1-0

[Event "VIE-chT"]
[Site "Bac Giang"]
[Date "2020.06.08"]
[Round "4.13"]
[White "Nguyen, Huu Hoang Anh"]
[Black "Nguyen, Huynh Tuan Hai"]
[Result "1/2-1/2"]
[WhiteElo "1945"]
[BlackElo "2053"]
[PlyCount "42"]
[EventDate "2020.06.06"]
[EventType "swiss"]
[EventRounds "9"]
[EventCountry "VIE"]
[SourceTitle "CBM 197 Extra"]
[Source "ChessBase"]
[SourceDate "2020.09.30"]
[SourceVersion "1"]
[SourceVersionDate "2020.09.30"]
[SourceQuality "1"]

1. e4 c5 2. Nf3 d6 3. Bb5+ Bd7 4. Bxd7+ Qxd7 5. c4 Nc6 6. d4 cxd4 7. Nxd4 Nf6 8. Nc3 g6 9. f3 Bg7 10. Be3 0-0 11. 0-0 Rfe8 12. Qd2 Nxd4 13. Bxd4 Qc6 14. b3 a6 15. Rac1 Rac8 16. Rfd1 Nh5 17. Nd5 Bxd4+ 18. Qxd4 Ng7 19. Kh1 Ne6 20. Qe3 Kg7 21. f4 Nc7 1/2-1/2

[Event "VIE-chT"]
[Site "Bac Giang"]
[Date "2020.06.06"]
[Round "2.3"]
[White "Nguyen, Huynh Tuan Hai"]
[Black "Cao, Sang"]
[Result "1/2-1/2"]
[WhiteElo "2053"]
[BlackElo "2411"]
[PlyCount "80"]
[EventDate "2020.06.06"]
[EventType "swiss"]
[EventRounds "9"]
[EventCountry "VIE"]
[SourceTitle "CBM 197 Extra"]
[Source "ChessBase"]
[SourceDate "2020.09.30"]
[SourceVersion "1"]
[SourceVersionDate "2020.09.30"]
[SourceQuality "1"]

1. d4 Nf6 2. c4 e6 3. Nf3 b6 4. g3 Bb7 5. Bg2 Be7 6. 0-0 0-0 7. Nc3 Ne4 8. Bd2 d6 9. d5 Nxd2 10. Qxd2 e5 11. e4 Nd7 12. b4 g6 13. h4 Bc8 14. Ng5 Nf6 15. Bh3 Nh5 16. Kg2 h6 17. Nf3 Bxh3+ 18. Kxh3 Kh7 19. Qe2 f5 20. exf5 Qd7 21. Kh2 Rxf5 22. Ne1 Raf8 23. Ne4 Kg7 24. Rb1 Bxh4 25. gxh4 Rf3 26. Rb3 Qh3+ 27. Kg1 Qg4+ 28. Ng2 Nf4 29. Qxf3 Ne2+ 30. Qxe2 Qxe2 31. Ne3 Qxa2 32. Rfb1 Rf4 33. R3b2 Qa3 34. Rb3 Qa4 35. Ng3 h5 36. b5 Qa2 37. R1b2 Qa1+ 38. Rb1 Qa2 39. R1b2 Qa1+ 40. Rb1 Qa2 1/2-1/2

[Event "VIE-ch"]
[Site "Ho Chi Minh City"]
[Date "2018.05.03"]
[Round "9"]
[White "Nguyen, Hoang Duc"]
[Black "Nguyen, Huynh Tuan Hai"]
[Result "1/2-1/2"]
[WhiteElo "1989"]
[BlackElo "2078"]
[PlyCount "33"]
[EventDate "2018.04.27"]
[EventType "swiss"]
[EventRounds "9"]
[EventCountry "VIE"]
[SourceTitle "CBM 184 Extra"]
[Source "ChessBase"]
[SourceDate "2018.06.28"]
[SourceVersion "1"]
[SourceVersionDate "2018.06.28"]
[SourceQuality "1"]

1. d4 Nf6 2. c4 g6 3. Nc3 d5 4. e3 Bg7 5. Nf3 0-0 6. Bd3 c5 7. 0-0 cxd4 8. exd4 Nc6 9. h3 dxc4 10. Bxc4 Na5 11. Bd3 Be6 12. b3 Nd5 13. Ne4 Rc8 14. Qd2 b6 15. Neg5 Bd7 16. Ne5 Nc6 17. Bb2 1/2-1/2

[Event "VIE-ch"]
[Site "Ho Chi Minh City"]
[Date "2018.04.29"]
[Round "4"]
[White "Hoang, Canh Huan"]
[Black "Nguyen, Huynh Tuan Hai"]
[Result "1-0"]
[WhiteElo "2408"]
[BlackElo "2078"]
[PlyCount "75"]
[EventDate "2018.04.27"]
[EventType "swiss"]
[EventRounds "9"]
[EventCountry "VIE"]
[SourceTitle "CBM 184 Extra"]
[Source "ChessBase"]
[SourceDate "2018.06.28"]
[SourceVersion "1"]
[SourceVersionDate "2018.06.28"]
[SourceQuality "1"]

1. e4 e5 2. Bc4 Nf6 3. d3 c6 4. Nf3 d5 5. Bb3 Bb4+ 6. c3 Bd6 7. Bg5 dxe4 8. dxe4 Qe7 9. Nbd2 Bc7 10. a4 a5 11. 0-0 Nbd7 12. Re1 Nc5 13. Bc4 h6 14. Bh4 g5 15. Bg3 Bg4 16. b4 axb4 17. cxb4 Ne6 18. Qb3 Nd8 19. h3 Bd7 20. Qb2 b5 21. axb5 Rxa1 22. Rxa1 cxb5 23. Bf1 0-0 24. Nxe5 Be8 25. Ra6 Nh5 26. Bh2 Ne6 27. Ndf3 Kh7 28. Ng4 Bxh2+ 29. Nfxh2 Qb7 30. Rd6 Bc6 31. Nf6+ Nxf6 32. Qxf6 Rg8 33. Ng4 Rg6 34. Qc3 Bxe4 35. Nf6+ Rxf6 36. Qxf6 Bg6 37. Qe5 Nf4 38. Rd8 1-0

[Event "VIE-ch"]
[Site "Ho Chi Minh City"]
[Date "2018.04.28"]
[Round "3"]
[White "Nguyen, Huynh Tuan Hai"]
[Black "Nguyen, Duc Hoa"]
[Result "1/2-1/2"]
[WhiteElo "2078"]
[BlackElo "2452"]
[PlyCount "140"]
[EventDate "2018.04.27"]
[EventType "swiss"]
[EventRounds "9"]
[EventCountry "VIE"]
[SourceTitle "CBM 184 Extra"]
[Source "ChessBase"]
[SourceDate "2018.06.28"]
[SourceVersion "1"]
[SourceVersionDate "2018.06.28"]
[SourceQuality "1"]

1. Nf3 d5 2. g3 Nf6 3. Bg2 e6 4. 0-0 Be7 5. c4 0-0 6. d4 dxc4 7. Qc2 a6 8. a4 Bd7 9. Qxc4 Bc6 10. Bg5 Nbd7 11. Nc3 h6 12. Bxf6 Nxf6 13. Ne5 Bxg2 14. Kxg2 Qd6 15. Rfd1 Rfd8 16. e3 c5 17. Qxc5 Qxc5 18. dxc5 Bxc5 19. Rxd8+ Rxd8 20. Rd1 Rc8 21. Nd3 Bb6 22. Rc1 Rd8 23. Rd1 Rc8 24. Rc1 Kf8 25. Kf3 Rd8 26. Ke2 Ke7 27. h3 h5 28. Na2 Ne4 29. Nc3 Nf6 30. Nb1 Ne4 31. Nd2 Nxd2 32. Kxd2 Rd7 33. Ke2 Rc7 34. Rxc7+ Bxc7 35. g4 hxg4 36. hxg4 Kd6 37. e4 Kc6 38. Kd2 b5 39. axb5+ Kxb5 40. b3 g6 41. Kc3 Bd8 42. Kc2 Bf6 43. Kd2 Bd4 44. Kc2 a5 45. Kd2 Kc6 46. Ke2 Bc3 47. Ke3 Kd6 48. Ke2 Bf6 49. Ke3 Bg7 50. Kd2 f5 51. gxf5 exf5 52. Ke3 Bc3 53. exf5 gxf5 54. Kf4 Ke6 55. Nc5+ Kf6 56. Nd7+ Ke7 57. Nb6 Ke6 58. Nc4 Kf6 59. Ke3 Ke6 60. Kd3 Be1 61. Ke2 Bb4 62. Ke3 Kf6 63. Kf4 Be1 64. Ke3 Kg5 65. Ke2 Bb4 66. Kf3 Bc3 67. Kg3 Kf6 68. Kf4 Ke6 69. Ke3 Be1 70. Ke2 Bb4 1/2-1/2

[Event "VIE-ch"]
[Site "Ho Chi Minh City"]
[Date "2018.04.27"]
[Round "1"]
[White "Nguyen, Huynh Tuan Hai"]
[Black "Dao, Thien Hai"]
[Result "0-1"]
[WhiteElo "2078"]
[BlackElo "2468"]
[PlyCount "132"]
[EventDate "2018.04.27"]
[EventType "swiss"]
[EventRounds "9"]
[EventCountry "VIE"]
[SourceTitle "CBM 184 Extra"]
[Source "ChessBase"]
[SourceDate "2018.06.28"]
[SourceVersion "1"]
[SourceVersionDate "2018.06.28"]
[SourceQuality "1"]

1. Nf3 d5 2. e3 c5 3. b3 Nc6 4. Bb5 f6 5. Bb2 e5 6. Bxc6+ bxc6 7. d3 Bd6 8. Nbd2 Ne7 9. h3 0-0 10. c4 Bf5 11. Qc2 Qd7 12. Ng1 Bg6 13. Ne2 f5 14. f3 a5 15. a4 Qe6 16. 0-0-0 f4 17. e4 h5 18. Kb1 Kh7 19. Ka2 Ra7 20. Ba3 Rb8 21. Nc3 d4 22. Ne2 Ng8 23. Rdg1 Rf8 24. Bc1 Nf6 25. Nb1 Be8 26. Bd2 Nd7 27. Na3 Nb8 28. Qd1 Bc7 29. Nc1 Na6 30. Nc2 Bd8 31. Qe1 Kg8 32. Qe2 g6 33. Ka3 Rff7 34. Na2 Kf8 35. Qe1 Nb8 36. Qe2 Ke7 37. Qe1 Kd7 38. Qe2 Kc8 39. Qe1 Kb7 40. Qe2 Ka6 41. Nc1 Nd7 42. Qe1 Nf8 43. Ne2 Qd6 44. Qf2 Rab7 45. Rb1 Ne6 46. Rbg1 Qb8 47. Rb1 g5 48. Nc1 Rg7 49. Na1 Rg8 50. Ne2 Rbg7 51. Rbg1 Bf6 52. Nc2 Bd7 53. Qf1 Bd8 54. Ne1 Bc8 55. Nc2 Rg6 56. Be1 Qb7 57. Bf2 Qg7 58. Qd1 g4 59. hxg4 hxg4 60. Qf1 Rh8 61. Rxh8 Qxh8 62. Rh1 Rh6 63. Rxh6 Qxh6 64. Be1 Ng5 65. Bd2 gxf3 66. gxf3 Qh2 0-1

[Event "Hanoi HD Bank op-B 8th"]
[Site "Hanoi"]
[Date "2018.03.10"]
[Round "1"]
[White "Nguyen, Hoang Hiep"]
[Black "Nguyen, Huynh Tuan Hai"]
[Result "1/2-1/2"]
[WhiteElo "1626"]
[BlackElo "2074"]
[PlyCount "67"]
[EventDate "2018.03.10"]
[EventType "swiss"]
[EventRounds "9"]
[EventCountry "VIE"]
[SourceTitle "CBM 183 Extra"]
[Source "ChessBase"]
[SourceDate "2018.04.19"]
[SourceVersion "1"]
[SourceVersionDate "2018.04.19"]
[SourceQuality "1"]

1. d4 Nf6 2. c4 g6 3. Nc3 d5 4. e3 Bg7 5. Nf3 0-0 6. Qb3 c6 7. a4 Ne4 8. cxd5 Nxc3 9. dxc6 Nxc6 10. bxc3 Na5 11. Qb4 Qc7 12. Be2 Be6 13. Nd2 Rfc8 14. Bb2 Bd5 15. 0-0 b6 16. c4 Bb7 17. Rfc1 e6 18. Nb3 Nc6 19. Qc3 Ne7 20. a5 Qd8 21. Qd2 Nf5 22. Bf1 h5 23. axb6 axb6 24. Rxa8 Bxa8 25. Qd3 Rc7 26. c5 bxc5 27. Nxc5 Ra7 28. Qb3 Kh7 29. Qb4 Qg5 30. Qb8 Ra2 31. Ra1 Rxa1 32. Bxa1 Bc6 33. Nd3 Nh4 34. Qg3 1/2-1/2

[Event "Ho Chi Minh City HD Bank op-B 6th"]
[Site "Ho Chi Minh City"]
[Date "2016.03.13"]
[Round "9"]
[White "Nguyen, Huynh Tuan Hai"]
[Black "Le, Thanh Tai"]
[Result "1/2-1/2"]
[WhiteElo "1908"]
[BlackElo "1947"]
[PlyCount "63"]
[EventDate "2016.03.08"]
[EventType "swiss"]
[EventRounds "9"]
[EventCountry "VIE"]
[SourceTitle "CBM 171 Extra"]
[Source "ChessBase"]
[SourceDate "2016.04.26"]
[SourceVersion "1"]
[SourceVersionDate "2016.04.26"]
[SourceQuality "1"]

1. d4 d5 2. c4 c6 3. cxd5 cxd5 4. Nc3 Nf6 5. Nf3 e6 6. Bf4 Bd6 7. Bxd6 Qxd6 8. e3 0-0 9. Bd3 a6 10. 0-0 h6 11. Ne5 Nbd7 12. Nxd7 Bxd7 13. Rc1 Rac8 14. Qd2 Rc7 15. Ne2 Rfc8 16. Rxc7 Rxc7 17. Rc1 Rxc1+ 18. Qxc1 Qc6 19. Qxc6 Bxc6 20. Kf1 Kf8 21. h3 Ke7 22. Ke1 Ne8 23. Kd2 Nd6 24. b3 Kd7 25. Kc2 Bb5 26. Bxb5+ Nxb5 27. Kb2 b6 28. Nc3 Nxc3 29. Kxc3 Kc6 30. Kd3 Kd6 31. Kc3 Kc6 32. Kd3 1/2-1/2

[Event "Ho Chi Minh City HD Bank op-B 6th"]
[Site "Ho Chi Minh City"]
[Date "2016.03.12"]
[Round "7"]
[White "Nguyen, Huynh Tuan Hai"]
[Black "Nguyen, Ngoc Thuy Trang"]
[Result "1-0"]
[WhiteElo "1908"]
[BlackElo "1881"]
[PlyCount "160"]
[EventDate "2016.03.08"]
[EventType "swiss"]
[EventRounds "9"]
[EventCountry "VIE"]
[SourceTitle "CBM 171 Extra"]
[Source "ChessBase"]
[SourceDate "2016.04.26"]
[SourceVersion "1"]
[SourceVersionDate "2016.04.26"]
[SourceQuality "1"]

1. d4 Nf6 2. c4 c5 3. Nf3 cxd4 4. Nxd4 Nc6 5. Nc3 d6 6. e4 g6 7. Be2 Bg7 8. Nc2 0-0 9. 0-0 Bd7 10. Be3 Rc8 11. f3 Qa5 12. Qd2 Ne5 13. b3 Rfe8 14. a4 a6 15. Rfc1 Nc6 16. Rab1 Ng4 17. Nd5 Nxe3 18. Qxe3 Qc5 19. Rd1 Qxe3+ 20. Ndxe3 Be6 21. f4 Rcd8 22. Kf2 Bc8 23. g4 e6 24. Rd3 Bf8 25. g5 Be7 26. Rg1 Kg7 27. h4 d5 28. cxd5 exd5 29. exd5 Nb4 30. Nxb4 Bxb4 31. Rc1 b6 32. Bf3 Bc5 33. Rc4 a5 34. Rdc3 Bb7 35. Re4 Rxe4 36. Bxe4 f5 37. gxf6+ Kxf6 38. Kf3 h5 39. Rd3 Ba6 40. Rd2 Rd6 41. Rg2 Kf7 42. f5 gxf5 43. Nxf5 Rd8 44. Nh6+ Ke7 45. Rg7+ Kf6 46. Rg6+ Ke7 47. d6+ Kd7 48. Bf5+ Kc6 49. Be4+ Kd7 50. Bf5+ Kc6 51. d7+ Kc7 52. Nf7 Rxd7 53. Bxd7 Kxd7 54. Ne5+ Ke7 55. Rg5 Bb7+ 56. Kf4 Bd5 57. Nc4 Bf7 58. Re5+ Kf6 59. Rf5+ Ke7 60. Kg5 Be8 61. Re5+ Kd7 62. Rd5+ Kc6 63. Re5 Kd7 64. Kf5 Bf7 65. Re2 Bd5 66. Rd2 Kc6 67. Ne5+ Kd6 68. Nf7+ Kc6 69. Nd8+ Kd6 70. Nb7+ Kc6 71. Nxc5 Kxc5 72. Rd3 Bf7 73. Kf6 Bd5 74. Kg5 Bf7 75. Rf3 Bd5 76. Rf5 Kd4 77. Rxd5+ Kxd5 78. Kxh5 Kc5 79. Kg5 Kb4 80. h5 Kxb3 1-0

[Event "Ho Chi Minh City HD Bank op-B 6th"]
[Site "Ho Chi Minh City"]
[Date "2016.03.11"]
[Round "6"]
[White "Le, Quang An"]
[Black "Nguyen, Huynh Tuan Hai"]
[Result "1/2-1/2"]
[WhiteElo "1457"]
[BlackElo "1908"]
[PlyCount "77"]
[EventDate "2016.03.08"]
[EventType "swiss"]
[EventRounds "9"]
[EventCountry "VIE"]
[SourceTitle "CBM 171 Extra"]
[Source "ChessBase"]
[SourceDate "2016.04.26"]
[SourceVersion "1"]
[SourceVersionDate "2016.04.26"]
[SourceQuality "1"]

1. e4 c5 2. Nf3 d6 3. Bb5+ Nc6 4. d4 cxd4 5. Nxd4 Bd7 6. 0-0 Nf6 7. Re1 e5 8. Nf3 a6 9. Bxc6 bxc6 10. c4 Qc7 11. Nc3 Be7 12. Bg5 Be6 13. b3 h6 14. Bc1 0-0 15. Ba3 Rad8 16. Qe2 Qa5 17. Na4 Bg4 18. h3 Bh5 19. Qe3 Rfe8 20. Bb2 Bg6 21. Nc3 Nd7 22. a3 Qc7 23. Rad1 Rb8 24. b4 f6 25. Qd3 Red8 26. Nh4 Bf7 27. Nf5 Bf8 28. Nxd6 Nb6 29. c5 Nc4 30. Bc1 Bxd6 31. cxd6 Rxd6 32. Qc2 Rxd1 33. Qxd1 a5 34. bxa5 Qxa5 35. Ne2 c5 36. Qd3 Qa4 37. Ng3 Qb3 38. Qd7 Nb6 39. Qd6 1/2-1/2